00469nam a2200133Ia 4500008004100000041000800041082001200049100001700061245006800078260004200146300001900188999001700207952011100224241028s9999 xx 000 0 und d aeng a920 AUR aAurobindoSri aAutobiographical Notes and Other Writing of Historical Interest bSri Aurobindo AshramaNew Dehlic2015 a612;. P. 22 Cm c43120d43120 00104070aIMTNbIMTNcRack 43-Bd2024-07-16o920 AURp33549r2024-11-05 00:00:00v270.00w2024-10-28yBK